00353nam a2200133Ia 4500008004000000020001800040082001300058100002400071245003200095250000500127260004900132300001100181650002700192210210b1974 xxu||||| |||| 00| 0 eng d a0 02 311510 6 a760 BOCA aBOCKUS (H William). aAdvertising graphics. Ed 2. a aNew York.bMacmillan Publishing Co Incc1974 axi,273 aAdvertising Graphics